000 00761nam a22002057a 4500
999 _c10123
_d10123
003 AR-CdUCM
008 190329b ||||| |||| 00| 0 spa d
040 _aMUNICIPALIDAD PROVINCIAL DEL CUSCO
_cBIBLIOTECA MUNICIPAL DEL CUSCO
082 _a869.56 /
_bC79M / 1990
100 _aCornejo Bouronele, Luis Enrique
_926792
245 _aMesa, Vinos, Carnavales y Terremotos /
260 _aPerú :
_c1990.
300 _a81 Páginas ;
_bfotografía,
_c21 cm.
505 _aContenido: Mesa, vinos, carnavales y terremotos -- Los carnavales de Arequipa -- Puchero Arequipeño -- Flora Tristán -- El pitazo de la locomotora de vapor...
650 _aNarrativa
_967
650 _aArequipa
_91703
650 _aLiteratura
_983
942 _2ddc
_cLIBROS
945 _aachl